| 000 | 00969nam a2200121Ia 4500 | ||
|---|---|---|---|
| 008 | 220620s9999||||xx |||||||||||||| ||und|| | ||
| 245 | 0 |
_aRevisiting Migrant Networks _bMigrants and their Descendants in Labour Markets |
|
| 546 | _aEnglish[eng] | ||
| 650 | _aRole of migrants networks in accessing jobs||Second generation social networks||Second generation access to labor market||Turkish Second generation social ties||Revisiting Granovetter||Migrant networks in the UK, France, Germany, Sweden||Migration and intergenerational social ties||Migrants and second generation social capital||Migration and integration||Migrants and access to the labor market||Social capital reliance||Trajectories of immigrants||Ethnic minorities and access to work||Networks in migration processes||Transnational career moves | ||
| 700 | _aKeskiner, Elif||Eve, Michael||Ryan, Louise | ||
| 856 | _uhttps://library.oapen.org/bitstream/20.500.12657/54023/1/978-3-030-94972-3.pdf | ||
| 942 | _cEB | ||
| 999 |
_c24360 _d24360 |
||